Sing to learn for Kinds
Zapisane w:
| 1. autor: | |
|---|---|
| Format: | Książka |
| Język: | English |
| Wydane: |
Tổng hợp HCM
2006
|
| Hasła przedmiotowe: | |
| Etykiety: |
Dodaj etykietę
Nie ma etykietki, Dołącz pierwszą etykiete!
|
| Thư viện lưu trữ: | Mạng thư viện Đại học Đà Nẵng |
|---|
| LEADER | 00666nam a22002291a 4500 | ||
|---|---|---|---|
| 001 | 000033720 | ||
| 003 | 9908 | ||
| 005 | 20151016154242.0 | ||
| 008 | 151016s2006 000 eng | ||
| 041 | |a eng | ||
| 082 | |a 420.3052378242 |b NG-H | ||
| 100 | |a Nguyễn Quốc Hùng | ||
| 245 | |a Sing to learn for Kinds |c Nguyễn Quốc Hùng | ||
| 260 | |a Tổng hợp HCM |c 2006 | ||
| 300 | |a 106tr. : mh ; 25cm | ||
| 650 | |a Sing, to learn for Kinds, Trẻ hát, Trẻ hát để học, Nguyễn Quốc Hùng | ||
| OWN | |a LNN | ||
| 999 | |a From the UDN01 | ||
| TYP | |a Monograph | ||
| 980 | |a Mạng thư viện Đại học Đà Nẵng | ||